Stabilizačná politika ako nástroj hospodárskej politiky bakalárska práca

Na minha lista:
Detalhes bibliográficos
Autor principal: Prna, Richard
Autor Corporativo: Národohospodárska fakulta EU. Katedra hospodárskej politiky
Outros Autores: Lukáčik, Ján
Formato: Livro
Idioma:eslovaco
Publicado em: Bratislava 2009
Tags: Adicionar Tag
Sem tags, seja o primeiro a adicionar uma tag!

MARC

LEADER 00000nam$a2200000$$$4500
001 0101113
005 20240319123855.2
041 0 |a slo 
044 |a SK 
245 1 0 |a Stabilizačná politika ako nástroj hospodárskej politiky  |b bakalárska práca  |c Richard Prna ; škol. Ján Lukáčik 
264 1 |a Bratislava  |c 2009 
300 |a 41 s. 
100 1 |a Prna, Richard 
700 1 |a Lukáčik, Ján 
710 2 |a Národohospodárska fakulta EU. Katedra hospodárskej politiky